000 00663nam a2200205 a 4500
001 BRCA_1830
005 20190320203552.0
008 260508s1983----mx-a---###---#000-0#spa-#
050 4 _aR751.U55
_b.P35 1983
245 1 0 _aEl palacio de la Escuela de Medicina.
260 _aMéxico
_bUNAM
_c1983
300 _a167 p.
_bil.
_c35 cm.
500 _aIncluye índice de láminas
500 _aColección Sonia Corcuera de Mancera
610 2 4 _aUniversidad Nacional Autónoma de México
_bEscuela de Medicina
_zCiudad de México
_95689
650 1 4 _aMedicina
_xHistoria
_zMéxico
_95513
653 0 _aTribunal de la Santa Inquisición
902 _aDSC
942 _2lcc
_cB
999 _c1611
_d1611